Southville International School and Colleges
Your cart is empty.
  • Cart
  • Lists
    Public lists Eva Luna New books Lux_list list_1
    Your lists Log in to create your own lists
  • Log in to your account
  • Your cookies
  • Search history
Southville International School and Colleges
  • Advanced search
  • Recent comments
  • Most popular
  • Libraries

Log in to your account

Log in with GOOGLE


If you do not have an external account, but do have a local account, you can still log in:

  1. Home
  2. MARC view: Health assessment & physical examination /
Normal view MARC view ISBD view

Health assessment & physical examination / (Record no. 15526)

[ view plain ]
MARC details
000 -LEADER
fixed length control field 01195cam a22003374a 4500
001 - CONTROL NUMBER
control field 12418854
003 - CONTROL NUMBER IDENTIFIER
control field OSt
005 - DATE AND TIME OF LATEST TRANSACTION
control field 20140310182738.0
008 - FIXED-LENGTH DATA ELEMENTS--GENERAL INFORMATION
fixed length control field 010523s2002 nyua b 001 0 eng
010 ## - LIBRARY OF CONGRESS CONTROL NUMBER
LC control number 2001032535
020 ## - INTERNATIONAL STANDARD BOOK NUMBER
International Standard Book Number 9812547819
040 ## - CATALOGING SOURCE
Original cataloging agency DLC
Transcribing agency DLC
Modifying agency DLC
042 ## - AUTHENTICATION CODE
Authentication code pcc
050 00 - LIBRARY OF CONGRESS CALL NUMBER
Classification number RT 48
Item number .H425 2002
100 1# - MAIN ENTRY--PERSONAL NAME
Personal name Estes, Mary Ellen Zator.
245 10 - TITLE STATEMENT
Title Health assessment & physical examination /
Statement of responsibility, etc Mary Ellen Zator Estes.
246 30 - VARYING FORM OF TITLE
Title proper/short title Health assessment and physical examination
250 ## - EDITION STATEMENT
Edition statement 2nd ed.
260 ## - PUBLICATION, DISTRIBUTION, ETC. (IMPRINT)
Place of publication, distribution, etc Albany, N.Y. :
Name of publisher, distributor, etc Delmar/Thomson Learning,
Date of publication, distribution, etc 2002.
300 ## - PHYSICAL DESCRIPTION
Extent 932 p. :
Other physical details col. ill. ;
Dimensions 29 cm.
500 ## - GENERAL NOTE
General note System requirements for accompanying computer disk: Windows 95 or newer.
504 ## - BIBLIOGRAPHY, ETC. NOTE
Bibliography, etc Includes bibliographical references (p. 869-885) and index.
521 ## - TARGET AUDIENCE NOTE
Target audience note
562 ## - COPY AND VERSION IDENTIFICATION NOTE
Number of copies for circulation. 1 copy available in the collection
650 #0 - SUBJECT ADDED ENTRY--TOPICAL TERM
Topical term or geographic name as entry element Nursing assessment.
650 #0 - SUBJECT ADDED ENTRY--TOPICAL TERM
Topical term or geographic name as entry element Physical diagnosis.
906 ## - LOCAL DATA ELEMENT F, LDF (RLIN)
a 7
b cbc
c orignew
d 1
e ocip
f 20
g y-gencatlg
942 ## - ADDED ENTRY ELEMENTS (KOHA)
Source of classification or shelving scheme Library of Congress Classification
Koha item type Books
Call number prefix Foreign
Holdings
Withdrawn status Lost status Source of classification or shelving scheme Damaged status Home library Current library Shelving location Date acquired Total Checkouts Full call number Barcode Date last seen Date checked out Copy number Price effective from Koha item type
    Library of Congress Classification   College Library College Library General Circulation Section 01/13/2014 1 RT 48 .H425 2002 C1956 08/19/2017 08/18/2017 1 01/13/2014 Books

Health assessment & physical examination /

APA

Estes M. E. Z., . (2002). Health assessment & physical examination. Albany, N.Y: Delmar/Thomson Learning.

Chicago

Estes Mary Ellen Zator, . 2002. Health assessment & physical examination. Albany, N.Y: Delmar/Thomson Learning.

Harvard

Estes M. E. Z., . (2002). Health assessment & physical examination. Albany, N.Y: Delmar/Thomson Learning.

MLA

Estes Mary Ellen Zator, . Health assessment & physical examination. Albany, N.Y: Delmar/Thomson Learning. 2002.

  • Place hold
  • Print
  • Cite
  • Add to your cart (remove)
  • Save record
    BIBTEX Dublin Core MARCXML MARC (non-Unicode/MARC-8) MARC (Unicode/UTF-8) MARC (Unicode/UTF-8, Standard) MODS (XML) RIS
  • More searches
    Search for this title in:
    Other Libraries (WorldCat) Other Databases (Google Scholar) Online Stores (Bookfinder.com) Open Library (openlibrary.org)

Exporting to Dublin Core...

SOUTHVILLE LIBRARY

Southville International School and Colleges Library

1281 Tropical Ave. Cor. Luxembourg St., BF Homes International, Las Pinas City

Tel. No. 8256374 / 252358 Loc. 117/146

Powered by Koha